El Costo del terrorismo en sufrimiento humano /

Guardado en:
Bibliografiske detaljer
Hovedforfatter: Clack, George
Institution som forfatter: U.S. Departamento de Estado
Andre forfattere: ed.
Format: Texto
Udgivet: RPC Manila
Fag:
Tags: Tilføj Tag
Ingen Tags, Vær først til at tagge denne postø!

MARC

LEADER 00000 a a2200000 04500
001 30390
003
040
090 |a 195000  
100 |a Clack, George  
110 |a U.S. Departamento de Estado  
245 |a El Costo del terrorismo en sufrimiento humano /  |c George Clack 
260 |a RPC Manila  
300 |a 60 p.   |b il.  
650 |a TERRORISMO  
650 |a VICTIMAS  
700 |a ed.  
999 |c 4678  |d 4678